00520 2200193 4500245005500000020002200055250001100077100002200088700001800110700001900128650002600147650001000173005001900183260006500202041001400267084001200281300002400293336000900317 aCAHAYA DAN DUSTA SI GUNAMcFerdinandus MoseshText a978-602-437-065-7 aCet. 1 aFerdinandus Moses aKity Karenisa aPandu Dharma W aCerita Anak Indonesia aEbook a20241105133408 aJakarta TimurbBadan Pengembangan dan Pembinaan Bahasac2016 aIndonesia a398.209 avii 51 hlm. 28 cm : atext